000
00225nam a2200121Ia 4500
100
_a
#N/A
942
_c
BK
245
_a
SPD/ PHP 5.1 for beginners
260
_b
#N/A
082
_b
21914
546
_a
ENGLISH
999
_c
25796
_d
25796